LEADER 00870nas a2200229 i 4500 001 000000216437 003 CaOOAMICUS 005 20121029000000.0 008 121019b2012 ne uu u0 0mul r 013 $a195327 040 $aSeMil$bita 245 10$a[2012 : 4]. 260 $aLeiden ; Boston :$bBrill,$ccopyr. 2012. 300 $aP. [479]-669 :$b2 ill., tabelle ;$c24 cm. 500 $aArticoli con sintesi in inglese [Abstract] o in tedesco [Zusammenfassung] in testa. 773 0 $tVetus Testamentum.$dLeiden : Brill, 1951.$x0042-4935$w()3098 774 0 $t[vedi periodico].$w()277983 850 $aSeMil 852 $aSeMil$W1$xVenegono$y1$m100 5 68$j166856$B166856$CSeMilBibl$Z2$F177793 $85 961 $aAbbonamento: Brill 996 $6245$a[2012 : 4]$9(OLS)http://semarc/title/308541 996 $6260$aLeiden ; Boston :$bBrill$9(OLS)http://semarc/publisher/39473 LEADER 01028nam a2200217 i 4500 001 000000001229 003 CaOOAMICUS 005 20180919123121.0 008 180830s1994 it u000 u ita u 040 $aSeMil$bita 100 1 $aVidal, Marciano,$c.$0(OLS)http://semarc/name/1047 245 10$aManuale di etica teologica. 260 $aAssisi :$bCittadella,$c1994-1997. 650 4$aEtica - Manuali.$0(OLS)http://semarc/subject/447 774 0 $aVidal, Marciano $tMorale fondamentale.$z8830805459$gVol.1$w()40871 774 0 $aVidal, Marciano $tMorale sociale.$z8830806218$gVol.3$w()59069 774 0 $aVidal, Marciano $tMorale della persona e bioetica teologica.$z883080584X$gVol.2$w()59075 774 0 $aVidal, Marciano $tMorale dell'amore e della sessualità.$z8830805882$gVol.2$w()59219 996 $6245$aManuale di etica teologica$9(OLS)http://semarc/title/2005 996 $6260$aAssisi :$bCittadella$9(OLS)http://semarc/publisher/29661